[Event "Belem Velha op 3rd"]
[Site "Belem"]
[Date "2015.05.01"]
[Round "3"]
[White "Massoud, Rodrigo Ormanes"]
[Black "Da Silva, Cleber Alex"]
[Result "0-1"]
[WhiteElo "1800"]
[BlackElo "2037"]
[PlyCount "72"]
[EventDate "2015.04.30"]
[EventType "swiss"]
[EventRounds "7"]
[EventCountry "BRA"]
[SourceTitle "CBM 166 Extra"]
[Source "ChessBase"]
[SourceDate "2015.06.18"]
[SourceVersion "1"]
[SourceVersionDate "2015.06.18"]
[SourceQuality "1"]

1. e4 c5 2. Nf3 e6 3. Bc4 d5 4. Bb5+ Bd7 5. Bxd7+ Qxd7 6. e5 Nc6 7. d3 Nge7 8. Nc3 Ng6 9. 0-0 Ncxe5 10. Nxe5 Nxe5 11. d4 Ng6 12. Re1 Rc8 13. Be3 b6 14. Qd3 Bd6 15. Qb5 Qxb5 16. Nxb5 Bb8 17. Rac1 0-0 18. c4 cxd4 19. Bxd4 dxc4 20. b3 cxb3 21. axb3 Rxc1 22. Rxc1 Rd8 23. b4 Ne7 24. g4 h6 25. h4 Nd5 26. Rc4 a6 27. Nc3 b5 28. Rc5 Nxb4 29. g5 Ba7 30. Rc7 Bxd4 31. Ne2 e5 32. Nxd4 exd4 33. Kf1 d3 34. Ke1 d2+ 35. Kd1 hxg5 36. hxg5 Kf8 0-1

[Event "Pocos de Caldas op"]
[Site "Pocos de Caldas"]
[Date "2015.03.14"]
[Round "3"]
[White "Da Silva, Cleber Alex"]
[Black "Lage, Pedro Ferreira"]
[Result "1/2-1/2"]
[WhiteElo "2049"]
[BlackElo "1798"]
[PlyCount "72"]
[EventDate "2015.03.13"]
[EventType "swiss"]
[EventRounds "6"]
[EventCountry "BRA"]
[SourceTitle "CBM 165 Extra"]
[Source "ChessBase"]
[SourceDate "2015.04.21"]
[SourceVersion "1"]
[SourceVersionDate "2015.04.21"]
[SourceQuality "1"]

1. d4 d5 2. c4 c6 3. e3 Nf6 4. Nc3 g6 5. Nf3 Bg7 6. cxd5 cxd5 7. Be2 0-0 8. 0-0 Nc6 9. Bd2 a6 10. Na4 Ne4 11. Qb3 b5 12. Nc3 Bg4 13. Rfd1 Nxc3 14. Bxc3 e6 15. h3 Bxf3 16. Bxf3 Na5 17. Qc2 Rc8 18. Qd2 Nc4 19. Qe1 Qd7 20. Rac1 Rc6 21. b3 Nd6 22. Bb4 Rfc8 23. Rxc6 Rxc6 24. Bc5 Nb7 25. Rc1 Qc7 26. b4 Nd6 27. a4 Nc4 28. axb5 axb5 29. Ra1 Qc8 30. Ra2 Ra6 31. Qa1 Rxa2 32. Qxa2 Qb7 33. Qc2 Qa6 34. g3 Qa3 35. Kg2 f5 36. g4 Bf8 1/2-1/2

[Event "Cuiaba Contaud op"]
[Site "Cuiaba"]
[Date "2014.05.03"]
[Round "4"]
[White "Rodrigues, Edgar"]
[Black "Da Silva, Cleber Alex"]
[Result "1-0"]
[WhiteElo "2282"]
[BlackElo "2039"]
[PlyCount "64"]
[EventDate "2014.05.01"]
[EventType "swiss"]
[EventRounds "6"]
[EventCountry "BRA"]
[SourceTitle "CBM 160 Extra"]
[Source "ChessBase"]
[SourceDate "2014.07.01"]
[SourceVersion "1"]
[SourceVersionDate "2014.07.01"]
[SourceQuality "1"]

1. e4 c5 2. Nf3 e6 3. d4 cxd4 4. Nxd4 a6 5. Nc3 Nc6 6. Be3 Qc7 7. Bd3 Nf6 8. 0-0 Nxd4 9. Bxd4 Bc5 10. Bxc5 Qxc5 11. Qd2 d6 12. Rae1 e5 13. Re3 Be6 14. Be2 Rd8 15. Rg3 Rg8 16. Re3 Rd7 17. Rb1 Ke7 18. b4 Qc7 19. b5 Qc5 20. bxa6 bxa6 21. Bxa6 Bc4 22. Bxc4 Qxc4 23. h3 Ra8 24. Rb3 Rc8 25. Rg3 Kf8 26. Qg5 Ne8 27. Qf5 Qe6 28. Qxh7 Qh6 29. Qf5 Rdc7 30. Kh2 Nf6 31. Rf3 Re8 32. Nb5 Ng4+ 1-0

[Event "Barrinha op"]
[Site "Barrinha"]
[Date "2011.10.15"]
[Round "3"]
[White "Januario, Jessica dos Anjos"]
[Black "Da Silva, Cleber Alex"]
[Result "0-1"]
[WhiteElo "1514"]
[BlackElo "2048"]
[PlyCount "92"]
[EventDate "2011.10.14"]
[EventType "swiss"]
[EventRounds "6"]
[EventCountry "BRA"]
[SourceTitle "CBM 144 Extra"]
[Source "ChessBase"]
[SourceDate "2011.10.28"]
[SourceVersion "1"]
[SourceVersionDate "2011.10.28"]
[SourceQuality "1"]

1. d4 f5 2. c4 Nf6 3. Nc3 e6 4. Bf4 Be7 5. e3 0-0 6. Nf3 b6 7. Be2 Bb7 8. 0-0 d6 9. Ng5 Qd7 10. a3 h6 11. Nf3 g5 12. Bg3 Kg7 13. h3 Qe8 14. Nd2 Nbd7 15. Bf3 Bxf3 16. Qxf3 h5 17. Qe2 h4 18. Bh2 g4 19. hxg4 Nxg4 20. e4 Qf7 21. Rae1 Rae8 22. Nf3 Qg6 23. Nb5 Bd8 24. Nxa7 h3 25. g3 e5 26. d5 Nc5 27. Nd2 Bg5 28. f3 Ne3 29. Rf2 fxe4 30. Nxe4 Nxe4 31. fxe4 Rxf2 32. Qxf2 Rf8 33. Qe2 Qxe4 34. Nb5 Qc2 35. Qxc2 Nxc2 36. Rd1 Be3+ 37. Kh1 Rf2 38. Bg1 Rg2 39. Bxe3 Nxe3 40. Rg1 Rxb2 41. Nxc7 Ng4 42. Rc1 Rh2+ 43. Kg1 Rg2+ 44. Kf1 Ne3+ 45. Ke1 h2 46. Ne6+ Kf6 0-1